000 00317nam a22001337a 4500
008 170922b xxu||||| |||| 00| 0 eng d
020 _a013636951
041 _aeng
080 _a37
100 _a46
101 _aEDU
245 _a100 WAYS TO ENLIANCE SELF-CONCEPT IN THE CLASS-ROOM
_cCANFIELD, J
942 _2udc
_cBK
999 _c29027
_d29027